[Event "FIDE World Uni Blitz-A 1st"]
[Site "Tornelo INT"]
[Date "2021.03.13"]
[Round "10.36"]
[White "Capone, Nicola"]
[Black "Anand, S."]
[Result "1-0"]
[WhiteElo "2300"]
[BlackElo "1548"]
[PlyCount "109"]
[EventDate "2021.03.13"]
[EventType "swiss (blitz)"]
[EventRounds "10"]
[EventCountry "NET"]
[SourceTitle "EXT 2022"]
[Source "ChessBase"]
[SourceDate "2021.10.06"]
[SourceVersion "1"]
[SourceVersionDate "2021.10.06"]
[SourceQuality "1"]

1. e4 d5 2. exd5 Nf6 3. d4 Nxd5 4. h3 c6 5. Nf3 Bf5 6. Be2 e6 7. 0-0 Be7 8. c4 Nf6 9. Nc3 h6 10. Bf4 0-0 11. Qd2 Kh7 12. Rfd1 Bd6 13. Ne5 Qc7 14. c5 Bxe5 15. Bxe5 Qe7 16. Bd6 Qd7 17. Bxf8 Na6 18. Bxa6 bxa6 19. Bd6 Rd8 20. Qe3 Nd5 21. Nxd5 exd5 22. Re1 f6 23. Qe7 Bg6 24. Qxd7 Rxd7 25. Re7 Rxe7 26. Bxe7 Be4 27. b4 Kg6 28. a4 Kg5 29. b5 axb5 30. axb5 cxb5 31. c6 Bf5 32. c7 h5 33. Rxa7 b4 34. Bxb4 h4 35. Ra5 Kf4 36. Rxd5 Be6 37. Rd6 Bc8 38. Rd8 Ba6 39. c8Q Bxc8 40. Rxc8 g6 41. Rg8 g5 42. Be7 f5 43. Bxg5+ Ke4 44. Bxh4 Kxd4 45. Bf6+ Ke4 46. h4 Kf4 47. h5 Ke4 48. h6 Kf4 49. h7 Ke4 50. h8Q Kd3 51. Rg3+ Ke2 52. Qe8+ Kd1 53. Rd3+ Kc2 54. Qe2+ Kb1 55. Rd1# 1-0

[Event "BEL-chT 1920"]
[Site "Belgium"]
[Date "2020.03.08"]
[Round "9.5"]
[White "Capone, Nicola"]
[Black "Beerdsen, Thomas"]
[Result "0-1"]
[WhiteElo "2300"]
[BlackElo "2482"]
[PlyCount "54"]
[EventDate "2019.09.29"]
[EventType "team-tourn"]
[EventRounds "11"]
[EventCountry "BEL"]
[SourceTitle "CBM 195 Extra"]
[Source "ChessBase"]
[SourceDate "2020.05.31"]
[SourceVersion "1"]
[SourceVersionDate "2020.05.31"]
[SourceQuality "1"]
[WhiteTeam "Fontaine"]
[BlackTeam "Echiquier Mosan"]
[WhiteTeamCountry "BEL"]
[BlackTeamCountry "BEL"]

1. e4 c5 2. Nc3 Nc6 3. Nf3 e6 4. d4 cxd4 5. Nxd4 Qc7 6. f4 Nxd4 7. Qxd4 b6 8. Be3 Bb7 9. 0-0-0 Nf6 10. e5 Nd5 11. Nxd5 Bxd5 12. Kb1 Rc8 13. c3 Qc6 14. Bc1 b5 15. f5 g6 16. fxg6 hxg6 17. Qf2 Rh5 18. Bd3 Bxg2 19. Rhf1 Bxf1 20. Rxf1 Rf5 21. Bxf5 exf5 22. h4 b4 23. cxb4 Bxb4 24. h5 gxh5 25. Bf4 Qe4+ 26. Ka1 Rc2 27. Qh4 Ba3 0-1

[Event "BEL-chT 1718"]
[Site "Belgium"]
[Date "2018.02.04"]
[Round "6.6"]
[White "Vandenbussche, Thibaut"]
[Black "Capone, Nicola"]
[Result "1-0"]
[WhiteElo "2402"]
[BlackElo "2303"]
[PlyCount "59"]
[EventDate "2017.09.24"]
[EventType "team-tourn"]
[EventRounds "11"]
[EventCountry "BEL"]
[SourceTitle "EXT 2019"]
[Source "ChessBase"]
[SourceDate "2018.10.10"]
[SourceVersion "1"]
[SourceVersionDate "2018.10.10"]
[SourceQuality "1"]
[WhiteTeam "KBSK Brugge"]
[BlackTeam "Fontaine"]
[WhiteTeamCountry "BEL"]
[BlackTeamCountry "BEL"]

1. e4 c5 2. Nf3 Nc6 3. c3 d5 4. exd5 Qxd5 5. Na3 e6 6. d4 Qd8 7. Nc2 Be7 8. g3 Nf6 9. Bg2 0-0 10. 0-0 Qb6 11. Ne5 Rd8 12. Qf3 Nxe5 13. dxe5 Nd7 14. Re1 Qc7 15. Bf4 Nb6 16. h4 Bf8 17. Ne3 Rb8 18. Ng4 Nd5 19. Bg5 Re8 20. h5 b5 21. h6 g6 22. a4 a6 23. axb5 axb5 24. Qe2 Bb7 25. Ra7 Qb6 26. Rea1 Rec8 27. Bxd5 exd5 28. Nf6+ Kh8 29. Nd7 Qc6 30. e6 1-0

[Event "BEL-chT 1718"]
[Site "Belgium"]
[Date "2017.11.19"]
[Round "4.5"]
[White "Capone, Nicola"]
[Black "Lenaerts, Lennert"]
[Result "1-0"]
[WhiteElo "2303"]
[BlackElo "2289"]
[PlyCount "89"]
[EventDate "2017.09.24"]
[EventType "team-tourn"]
[EventRounds "11"]
[EventCountry "BEL"]
[SourceTitle "EXT 2019"]
[Source "ChessBase"]
[SourceDate "2018.10.10"]
[SourceVersion "1"]
[SourceVersionDate "2018.10.10"]
[SourceQuality "1"]
[WhiteTeam "Fontaine"]
[BlackTeam "Liege Crelel"]
[WhiteTeamCountry "BEL"]
[BlackTeamCountry "BEL"]

1. d4 d5 2. c4 c6 3. Nf3 Nf6 4. e3 Bg4 5. Nc3 e6 6. Bd3 Nbd7 7. 0-0 Bd6 8. b3 0-0 9. Bb2 Qe7 10. Be2 Rfd8 11. Nd2 Bxe2 12. Qxe2 Ba3 13. Bxa3 Qxa3 14. Nf3 Qb4 15. Rfc1 Rab8 16. Ne1 Qa5 17. Nd3 dxc4 18. bxc4 e5 19. Qb2 exd4 20. exd4 Qf5 21. Ne1 Nb6 22. Ne2 Re8 23. Ng3 Qe6 24. Qb3 h5 25. Nf3 Red8 26. a4 h4 27. Nxh4 Rxd4 28. Ngf5 Rg4 29. h3 Rg5 30. a5 Nxc4 31. Qxc4 Rxf5 32. Qxe6 fxe6 33. Nxf5 exf5 34. a6 Ne4 35. axb7 Rxb7 36. Rxc6 Rb2 37. f4 Ng3 38. Kh2 Nh5 39. Rc4 Rb7 40. Ra2 Kh7 41. Rca4 Re7 42. Ra5 Kg6 43. Ra6+ Kf7 44. R2a5 g6 45. Ra4 1-0

[Event "Paleochora op 10th"]
[Site "Paleochora"]
[Date "2017.07.20"]
[Round "3"]
[White "Karapiperis, Alexandros"]
[Black "Capone, Nicola"]
[Result "1/2-1/2"]
[WhiteElo "1966"]
[BlackElo "2329"]
[PlyCount "133"]
[EventDate "2017.07.19"]
[EventType "swiss"]
[EventRounds "9"]
[EventCountry "GRE"]
[SourceTitle "EXT 2018"]
[Source "ChessBase"]
[SourceDate "2017.10.13"]
[SourceVersion "1"]
[SourceVersionDate "2017.10.13"]
[SourceQuality "1"]

1. e4 c5 2. c3 Nf6 3. e5 Nd5 4. Nf3 Nc6 5. Bc4 e6 6. d4 cxd4 7. cxd4 d6 8. 0-0 Be7 9. Qe2 0-0 10. Qe4 Ndb4 11. exd6 Bxd6 12. Nc3 Be7 13. Bf4 Na5 14. Bb5 a6 15. Ba4 Nc4 16. Rab1 Nd6 17. Bxd6 Bxd6 18. Rfe1 Rb8 19. a3 b5 20. Bb3 Bb7 21. Qg4 Nd3 22. Re3 Nf4 23. Ne5 Ng6 24. Rd1 Qh4 25. Qxh4 Nxh4 26. f3 Nf5 27. Red3 Rbd8 28. Kh1 Bc7 29. Ng4 h5 30. Ne3 Nd6 31. Kg1 Bb6 32. Kf1 a5 33. R3d2 Ba6 34. Kf2 Rfe8 35. Ne4 Nxe4+ 36. fxe4 Bb7 37. Bc2 Rd7 38. Ke2 Red8 39. d5 e5 40. Bd3 Ba6 41. a4 Bxe3 42. Kxe3 Rb8 43. Rc1 Ra7 44. Rc5 Kf8 45. axb5 Bc8 46. b6 Rd7 47. Rxa5 Rd6 48. Bc4 Bd7 49. b3 Ke7 50. Ra7 Rdxb6 51. d6+ Rxd6 52. Rxd6 Kxd6 53. Bxf7 h4 54. h3 Rb6 55. Bc4 g5 56. Ra8 Be6 57. Rh8 Bxc4 58. bxc4 Rb3+ 59. Kf2 Kc5 60. Rd8 Kxc4 61. Rd5 Rg3 62. Rxe5 Kd4 63. Re8 g4 64. hxg4 Rxg4 65. e5 Ke4 66. e6 Ke5 67. Re7 1/2-1/2

[Event "BEL-chT 1617"]
[Site "Belgium"]
[Date "2017.02.12"]
[Round "7.2"]
[White "Kerigan, Demre"]
[Black "Capone, Nicola"]
[Result "1/2-1/2"]
[WhiteElo "2362"]
[BlackElo "2399"]
[PlyCount "102"]
[EventDate "2016.10.02"]
[EventType "team-tourn"]
[EventRounds "11"]
[EventCountry "BEL"]
[SourceTitle "EXT 2018"]
[Source "ChessBase"]
[SourceDate "2017.10.13"]
[SourceVersion "1"]
[SourceVersionDate "2017.10.13"]
[SourceQuality "1"]
[WhiteTeam "Wachtebeke"]
[BlackTeam "Fontaine"]
[WhiteTeamCountry "BEL"]
[BlackTeamCountry "BEL"]

1. e4 c5 2. Nf3 d6 3. c3 Nf6 4. Bd3 g5 5. Bc2 g4 6. Ng1 Nc6 7. d4 Qb6 8. Ne2 Bd7 9. Na3 cxd4 10. cxd4 Nb4 11. Bb1 Rc8 12. 0-0 Rg8 13. Re1 h5 14. Nf4 Bh6 15. b3 Rxc1 16. Qxc1 Qxd4 17. Nc2 Nxc2 18. Bxc2 e5 19. Nxh5 Bxc1 20. Nxf6+ Kd8 21. Raxc1 Rg6 22. Nd5 Be6 23. Red1 Qb2 24. Ne3 Qa3 25. Bd3 Qxa2 26. Bc4 Bxc4 27. bxc4 Qa6 28. c5 Ke8 29. Nf5 d5 30. Rxd5 Rc6 31. Rcd1 Qa5 32. Rxe5+ Kf8 33. Red5 Kg8 34. Ne7+ Kf8 35. Nf5 Kg8 36. Ne7+ Kf8 37. Nxc6 bxc6 38. Rg5 Qa4 39. Rf1 Qxe4 40. h4 a5 41. Rd1 a4 42. Rd8+ Ke7 43. Ra8 Kf6 44. Ra6 Ke6 45. h5 f6 46. Rg7 Qe1+ 47. Kh2 Qe5+ 48. Kg1 Qe1+ 49. Kh2 Qe5+ 50. Kg1 Qe1+ 51. Kh2 Qe5+ 1/2-1/2

[Event "BEL-chT 1617"]
[Site "Belgium"]
[Date "2016.10.02"]
[Round "1.1"]
[White "Dgebuadze, Alexandre"]
[Black "Capone, Nicola"]
[Result "1/2-1/2"]
[WhiteElo "2499"]
[BlackElo "2399"]
[PlyCount "36"]
[EventDate "2016.10.02"]
[EventType "team-tourn"]
[EventRounds "11"]
[EventCountry "BEL"]
[SourceTitle "EXT 2017"]
[Source "ChessBase"]
[SourceDate "2016.10.25"]
[SourceVersion "1"]
[SourceVersionDate "2016.10.25"]
[SourceQuality "1"]
[WhiteTeam "Wirtzfeld"]
[BlackTeam "Fontaine"]
[WhiteTeamCountry "BEL"]
[BlackTeamCountry "BEL"]

1. d4 e6 2. Nf3 Nf6 3. Bf4 b6 4. e3 Bb7 5. Nbd2 Be7 6. h3 d5 7. Bb5+ c6 8. Ba4 b5 9. Bb3 a5 10. c3 Nbd7 11. Bc2 c5 12. dxc5 Nxc5 13. Nb3 Nfd7 14. Ne5 Nxe5 15. Bxe5 Nxb3 16. axb3 f6 17. Bg3 Kf7 18. 0-0 Qb6 1/2-1/2

[Event "Olympiad-42"]
[Site "Baku"]
[Date "2016.09.09"]
[Round "7.3"]
[White "Rusev, Krasimir"]
[Black "Capone, Nicola"]
[Result "0-1"]
[WhiteElo "2548"]
[BlackElo "2373"]
[PlyCount "80"]
[EventDate "2016.09.02"]
[EventType "team-swiss"]
[EventRounds "11"]
[EventCountry "AZE"]
[SourceTitle "CBM 175"]
[Source "ChessBase"]
[SourceDate "2016.11.10"]
[SourceVersion "1"]
[SourceVersionDate "2016.11.10"]
[SourceQuality "1"]
[WhiteTeam "Bulgaria"]
[BlackTeam "Belgium"]
[WhiteTeamCountry "BUL"]
[BlackTeamCountry "BEL"]

1. d4 e6 2. c4 Nf6 3. Nc3 Bb4 4. e3 0-0 5. Bd3 d5 6. a3 Bxc3+ 7. bxc3 dxc4 8. Bxc4 c5 9. Bb2 Qc7 10. Be2 b6 11. Nf3 Ba6 12. c4 Nbd7 13. Rc1 Rfd8 14. 0-0 Rac8 15. Re1 Bb7 16. h3 Nf8 17. Qb3 Ng6 18. Red1 cxd4 19. exd4 Qf4 20. Rc3 Ne4 21. Re3 Nh4 22. Qb4 Nf5 23. Rb3 Bc6 24. Rbd3 Bb7 25. a4 Ba6 26. Ra3 Nfd6 27. Rc1 Rc6 28. Bd3 Rdc8 29. Re1 Bxc4 30. Bc1 Qf5 31. g4 Qd5 32. Ne5 Qxd4 33. Bxe4 Nxe4 34. Nxc6 Qxf2+ 35. Kh1 Ng3+ 36. Rxg3 Bd5+ 37. Re4 Rxc6 38. Rg2 Bxe4 39. Qxe4 Rxc1+ 40. Kh2 Qc5 0-1

[Event "Olympiad-42"]
[Site "Baku"]
[Date "2016.09.06"]
[Round "5.3"]
[White "Tari, Aryan"]
[Black "Capone, Nicola"]
[Result "1/2-1/2"]
[WhiteElo "2570"]
[BlackElo "2373"]
[PlyCount "76"]
[EventDate "2016.09.02"]
[EventType "team-swiss"]
[EventRounds "11"]
[EventCountry "AZE"]
[SourceTitle "CBM 175"]
[Source "ChessBase"]
[SourceDate "2016.11.10"]
[SourceVersion "1"]
[SourceVersionDate "2016.11.10"]
[SourceQuality "1"]
[WhiteTeam "Norway"]
[BlackTeam "Belgium"]
[WhiteTeamCountry "NOR"]
[BlackTeamCountry "BEL"]

1. e4 e6 2. d4 d5 3. Nc3 Bb4 4. e5 Ne7 5. a3 Bxc3+ 6. bxc3 c5 7. Qg4 Qc7 8. Bd3 cxd4 9. Ne2 dxc3 10. Qxg7 Rg8 11. Qxh7 Qxe5 12. h4 Nd7 13. Bf4 Qf6 14. Bg5 Qg7 15. Qxg7 Rxg7 16. Nxc3 a6 17. 0-0-0 f6 18. Bf4 Nc5 19. Bf1 Bd7 20. h5 Rc8 21. Be3 Nf5 22. Bxc5 Rxc5 23. Kb2 Nh6 24. g3 Bc6 25. Bd3 d4 26. Ne4 Bxe4 27. Bxe4 f5 28. Bf3 e5 29. Rhe1 Rd7 30. Rd2 Ke7 31. Be2 b5 32. Red1 Rcd5 33. c3 Nf7 34. f4 dxc3+ 35. Kxc3 Rxd2 36. Rxd2 Rxd2 37. Kxd2 exf4 38. gxf4 Kd6 1/2-1/2

[Event "EU-ch U18 26th"]
[Site "Prague"]
[Date "2016.08.25"]
[Round "7"]
[White "Seresin, Francesco"]
[Black "Capone, Nicola"]
[Result "1/2-1/2"]
[WhiteElo "2200"]
[BlackElo "2392"]
[PlyCount "85"]
[EventDate "2016.08.18"]
[EventType "swiss"]
[EventRounds "9"]
[EventCountry "CZE"]
[SourceTitle "CBM 174 Extra"]
[Source "ChessBase"]
[SourceDate "2016.10.10"]
[SourceVersion "1"]
[SourceVersionDate "2016.10.10"]
[SourceQuality "1"]

1. d4 e6 2. c4 b6 3. Nc3 Bb7 4. Nf3 Bb4 5. e3 f5 6. Bd3 Nf6 7. 0-0 0-0 8. Bd2 Bxc3 9. Bxc3 Ne4 10. Rc1 d6 11. b4 Nd7 12. Bb2 Rf6 13. Nd2 Rh6 14. g3 Qh4 15. Nf3 Qh3 16. d5 exd5 17. Re1 Ng5 18. Nxg5 Qxh2+ 19. Kf1 Qh1+ 20. Ke2 Qh5+ 21. Kd2 Qxg5 22. cxd5 Bxd5 23. Rxc7 Ne5 24. Be2 Qd8 25. Qc2 Be6 26. f4 Nf7 27. Rc1 Rh3 28. Qc3 Rxg3 29. Qd4 a5 30. b5 Rb8 31. a4 Rg2 32. Ra7 Qh4 33. Rcc7 Qf2 34. Qd3 Rg1 35. Rc1 Rxc1 36. Bxc1 Rc8 37. Bb2 Qg2 38. Kd1 Qh1+ 39. Kd2 Qg2 40. Re7 Bd5 41. Qxf5 Rf8 42. Qg4 Qxg4 43. Bxg4 1/2-1/2